| 000 | 01086cam a22002774a 4500 | ||
|---|---|---|---|
| 003 | OSt | ||
| 005 | 20240304145211.0 | ||
| 008 | |||
| 020 | _a9780199586301 (paperback) | ||
| 040 |
_cNUST _aNUST _beng _dNUST _erda |
||
| 050 | _aREF RA 427 OXF | ||
| 245 | 0 | 0 |
_aOxford handbook of public health practice / _cedited by Charles Guest; Walter Ricciardi; Ichiri Kawach and Iain Lang |
| 250 | _athird edition. | ||
| 260 |
_aOxford ; _aNew York : _bOxford University Press, _c2013. |
||
| 300 |
_axxvi, 629 pages : _billustrations ; _c19 cm. |
||
| 336 |
_2rdacontent _atext _btxt |
||
| 337 |
_2rdamedia _aunmediated _bn |
||
| 338 |
_2rdacarrier _avolume _bnc |
||
| 504 | _aIncludes bibliographical references. | ||
| 650 | 0 |
_aPublic health _vHandbooks, manuals, etc. |
|
| 650 | 0 |
_aMedicine, Preventive _vHandbooks, manuals, etc. |
|
| 650 | 0 |
_aMedical care _vHandbooks, manuals, etc. |
|
| 700 | 1 |
_aRicciardi, Walter _eEditor |
|
| 907 |
_a.b10380358 _b16-06-17 _c15-06-17 |
||
| 942 |
_cREF _kREF RA427 _mOXF _2lcc _eThird Edition _hREF RA427OXF _n0 |
||
| 999 |
_c130589 _d130589 |
||